书目信息 |
| 题名: |
既有多层住宅加装电梯设计图集
|
|
| 作者: | 蔡乐刚 起草 ;上海市房地产科学研究院 , 上海市房屋安全监察所 (上海市住宅修缮工程质量检测中心) , 中国建筑标准设计研究院公司 主编 | |
| 分册: | ||
| 出版信息: | 上海 同济大学出版社 2025.04 |
|
| 页数: | 147页 | |
| 开本: | 19x26cm | |
| 丛书名: | 上海市建筑标准设计 | |
| 单 册: | ||
| 中图分类: | TU857-64 | |
| 科图分类: | ||
| 主题词: | 多层建筑--duo ceng jian zhu--住宅--电梯--安装--钢结构--建筑设计--图集 | |
| 电子资源: | ||
| ISBN: | 978-7-5765-1550-3 | |
| 000 | 01691nam 2200349 450 | |
| 001 | 90886 | |
| 005 | 20250816133857.59 | |
| 010 | @a978-7-5765-1550-3@dCNY98.00 | |
| 094 | @aCN@bDBJT 08-1392024 | |
| 100 | @a20250624d2025 em y0chiy50 ea | |
| 101 | 0 | @achi |
| 102 | @aCN@b310000 | |
| 105 | @aa l 000yy | |
| 106 | @ar | |
| 200 | 1 | @a既有多层住宅加装电梯设计图集@Aji you duo ceng zhu zhai jia zhuang dian ti she ji tu ji@e钢结构 |
| 210 | @a上海@c同济大学出版社@d2025.04 | |
| 215 | @a147页@c图@d19x26cm | |
| 225 | 2 | @a上海市建筑标准设计@Ashang hai shi jian zhu biao zhun she ji |
| 300 | @a上海市住房和城乡建设管理委员会发布 2024-09-01发布 2025-02-01实施 图集号: 2024沪J402 | |
| 314 | @a版权页题: 上海市房地产科学研究院、上海市房屋安全监察所 (上海市住宅修缮工程质量检测中心) 、中国建筑标准设计研究院有限公司主编 | |
| 314 | @a起草人: 蔡乐刚 ... [等] | |
| 330 | @a本图集适用于本市七层及七层以下既有多层住宅 (含底部为非居住用房) 外部采用钢框架结构加装电梯工程的设计。 | |
| 410 | 0 | @12001 @a上海市建筑标准设计 |
| 517 | 1 | @a钢结构@Agang jie gou |
| 606 | 0 | @a多层建筑@Aduo ceng jian zhu@x住宅@x电梯@x安装@x钢结构@x建筑设计@j图集 |
| 690 | @aTU857-64@v5 | |
| 701 | 0 | @a蔡乐刚@Acai le gang@4起草 |
| 712 | 02 | @a上海市房地产科学研究院@Ashang hai shi fang di chan ke xue yan jiu yuan@4主编 |
| 712 | 02 | @a上海市房屋安全监察所 (上海市住宅修缮工程质量检测中心)@Ashang hai shi fang wu an quan jian cha suo (shang hai shi zhu zhai xiu shan gong cheng zhi liang jian ce zhong xin )@4主编 |
| 712 | 02 | @a中国建筑标准设计研究院公司@Azhong guo jian zhu biao zhun she ji yan jiu yuan you xian gong si@4主编 |
| 801 | 0 | @aCN@c20250909 |
| 905 | @a河南城建学院图书馆@dTU857-64@eC072@f1 | |
| 既有多层住宅加装电梯设计图集:钢结构.-上海:同济大学出版社,2025.04 |
| 147页:图;19x26cm.-(上海市建筑标准设计) |
| 上海市住房和城乡建设管理委员会发布 2024-09-01发布 2025-02-01实施 图集号: 2024沪J402 |
| ISBN 978-7-5765-1550-3:CNY98.00 |
| 本图集适用于本市七层及七层以下既有多层住宅 (含底部为非居住用房) 外部采用钢框架结构加装电梯工程的设计。 |
| ● |
| 相关链接 |
|
|
|
正题名:既有多层住宅加装电梯设计图集
索取号:TU857-64/C072
 
预约/预借
| 序号 | 登录号 | 条形码 | 馆藏地/架位号 | 状态 | 备注 |
| 1 | 1624848 | 216248488 | 建筑库201/201建筑库 85排2列1层/ [索取号:TU857-64/C072] | 在馆 |